LEADER 01065nam a2200241 i 4500 001 000000185811 003 CaOOAMICUS 005 20100215000000.0 008 100215s1931 it u000 u fre u 013 $a163845 040 $aSeMil$bita 100 1 $aBreton, Valentino Maria .$0(OLS)http://semarc/name/23687 245 13$aLa trinité :$bHistoire. Doctrine. Piété. /$cpar le Fr. Valentin-M. Breton , o. f. m. 260 $aParis :$bLibrairie Bloud & Gay,$ccopyr. 1931. 300 $a239 p. ;$c19 cm. 490 0 $aBibliothèque catholique des sciences religieuses ;$v56 500 $aContiene : Bibliographie. 650 4$aTrinità.$0(OLS)http://semarc/subject/940 830 0$aBibliothèque catholique des sciences religieuses ;$v56.$0(OLS)http://semarc/title/20005 850 $aSeMil 852 $aSeMil$W1$xVenegono$y1$m3F I 106$j136498$B136498$CSeMilBibl$Z2$F148019 $81 996 $6245$aLa trinité :$bHistoire. Doctrine. Piété.$9(OLS)http://semarc/title/267097 996 $6260$aParis :$bLibrairie Bloud & Gay$9(OLS)http://semarc/publisher/38969 LEADER 01041nam a2200205 i 4500 001 000000060997 003 CaOOAMICUS 005 20140806000000.0 008 140806s1969 xx u000 u ger u 013 $a32169 040 $aSeMil$bita 100 1 $aAffeldt, Werner.$0(OLS)http://semarc/name/31005 245 14$aDie weltliche Gewalt in der Paulus-Exegese :$bRöm. 13,1-7 in den Römerbriefkommentaren der lateinischen Kirche bis zum Ende des 13. Jahrhunderts /$cWerner Affeldt. 260 $aGöttingen :$bVandenhoeck & Ruprecht,$c1969. 300 $a317 p. ;$c24 cm. 650 4$aBibbia - NT - Lettere ai Romani 13.$0(OLS)http://semarc/subject/8092 850 $aSeMil 852 $aSeMil$W1$xVenegono$y1$m2K V 158$j27150$B27150$CSeMilBibl$Z2$F27153 $81 996 $6245$aDie weltliche Gewalt in der Paulus-Exegese :$bRöm. 13,1-7 in den Römerbriefkommentaren der lateinischen Kirche bis zum Ende des 13. Jahrhunderts$9(OLS)http://semarc/title/95738 996 $6260$aGöttingen :$bVandenhoeck & Ruprecht$9(OLS)http://semarc/publisher/29697